000 00905nam a2200289 i 4500
003 EG-GICUC
005 20260508190115.0
008 260508s1892 fr ||||fr|||| 00| 0 fre d
040 _aEG-GiCUC
_bfre
_cEG-GiCUC
_dEG-GiCUC
_eRda
082 0 4 _221
_a345.4
_bGI . C
092 0 4 _221
099 _aLaw1 07 345.4 GI . C 1892
100 1 _aGiroud,B
_eAuteur
245 _aCode De Police Et D'Administration De La Ville De Grenoble/
_cB. Giroud.
250 _aTroisième Édition
264 1 _aParis:
_bNouvelle Édition,
_c1892.
300 _a1270 page ;
_c 24 cm.
336 _2rda contenu
_a texte
337 _2rda medias
_aOrdinateur
338 _2 transporteur rda
_a Ressource en ligne
546 _aTexte en français
650 1 _aDroit Administratif
650 1 _aEmplois Publics
856 4 0 _uhttps://fll.law.cu.edu.eg/fulltext/bks/B07-05654.pdf
905 _a59
942 _2ddc
_n0
_cBK
_e21
999 _c76326
_d76326